000 00939nam a2200313 i 4500
001 000018812
003 DO-SdBNP
005 20240530073919.0
007 ta
008 100519s2010 dr 000 f spa d
020 _a9789945429220
040 _aDO-SdBNP
_bspa
_cBNPHU
_erda
082 4 _aRD863.5
_bD542n
_222
100 1 _aDíaz, Junot
_d1968-
_974981
240 1 0 _aDrown
_lEspañol
245 1 0 _aNegocios /
_cJunot Díaz ; traducción Eduardo Lago.
264 _aSanto Domingo :
_bAlfaguara,
_c2010.
300 _a200 paginas ;
_c23 cm.
336 _2rdacontent
_atexto
_btxt
337 _2rdamedia
_asin mediación
_bn
338 _2rdacarrier
_avolumen
_bnc
586 _aPremio Pulitzer
590 _aInventariado, 2020/MAA
650 0 _aNovela dominicana
_9223
650 0 _aLiteratura dominicana.
_967
700 1 _aLago, Eduardo,
_etraductor
_940565
910 _aValidado. Control de calidad MMOLINA
942 _2ddc
_cLBS1
999 _c18332
_d18332